00671nam a22001697a 4500003001400000005001700014008004100031040001800072245017700090264006500267300005300332336001500385337001500400338001500415650003400430650003700464MOSTI LIBRARY20260309145317.0260309b |||||||| |||| 00| 0 eng d cMOSTI LIBRARY10aMahathir on science and technology : ba commemorative volume in conjuction with the award of Honorary Degree of Doctor of Science /ccompiled by Universiti Sains Malaysia  aPulau Pinang :b Penerbit Universiti Sains Malaysia,c 2004  a x, 180pages : bcolour illustrations ; c 23cm. 0rdacontent 2rdacarrier 0rdacarrier10aScience and state zMalaysia 20aTechnology and statez Malaysia